000 00854nam a2200253Ia 4500
003 OSt
005 20220923225101.0
006 a|||||r|||| 00| 0
007 ta
008 220922b |||||||| |||| 00| 0 hin d
024 _a256,698
037 _cTextual
040 _aARTS
_cARTS
_bhin
041 _2hin
_ahin
082 _aO152,6N11:g, M4
100 _aमिश्र, सावित्री
245 0 _aअज्ञेय की गद्य - शैली
246 _aAjnyeya kī gadya - shailī
260 _aवाराणसी
_b विश्वविद्यालय प्रकाशन
_c1984
300 _a188पृ.
_ccm.
650 _aहिन्दी साहित्य
_9156264
942 _hO152,6N11:g, M4
_cTEXL
_2CC
999 _c375909
_d375909